00992nab a22002417a 4500999001500000003000400015005001700019008004100036040000700077100004400084245008400128260007300212300001300285500007300298505008900371650003500460650003200495650003100527650001900558650002000577773014000597942001300737 c6327d6327OSt20260130203733.0190603e xxum|||| |||| 00| 0 spa d cPJ 96999aJozami Delibasich, José Emilio 10aResponsabilidad por lesiones a deportistas /cJosé Emilio Jozami Delibasich.  cCiudad Autónoma de Buenos Aires :aThomson Reuters La Ley, b2025. ap. 20-26 aCita: TR LALEY AR/DOC/2277/2025 Publicado en: RCCyC 2025 (Octubre). t¿Te interesa el texto completo? Solicitalo al correo: koha@justierradelfuego.gov.ar 091497aCODIGO CIVIL Y COMERCIAL 091467aRESPONSABILIDAD CIVIL 092823aDAÑOS Y PERJUICIOS 093725aDEPORTES 092950aLESIONES 0 0271393170dCiudad Autónoma de Buenos Aires : Thomson Reuters La Ley, 2015-tRevista Código Civil y Comercial. Nº 5 - Octubre 2025 2udccANA